000 00468nam a2200181Ia 4500
008 131103s9999 xx 000 0 und d
040 _aLoreto College
041 _aEnglish
082 _aREF
_b3 LCBED/3050
100 _aOsmond, Edward
245 _aBeavers
_cEdward Osmond
260 _aOxford
_bOxford University Press
_c[19?]
300 _a32p.
_b ill.
_c 20cm.
440 _aAnimals of the World; No.7
650 _aREF
850 _aLCBED/REF 3
942 _cBK
999 _c33558
_d84037